| 000 | 006140000a22001930004500 | ||
|---|---|---|---|
| 090 |
_aAR _b00468 |
||
| 245 | 1 | 0 | _aLoss of body mass associated with capture of Sigmodon and Microtus from Northeastern Kansas |
| 650 | 1 | 4 |
_aRoedores _97408 |
| 650 | 1 | 4 |
_aMasa corporal _993414 |
| 650 | 1 | 4 |
_aEtología _97606 |
| 650 | 1 | 4 |
_aStress animal _993475 |
| 651 | 4 |
_dKansas _pEstados Unidos _992749 |
|
| 653 |
_gSigmodon _eSigmodon hispidus |
||
| 653 |
_gMicrotus _eMicrotus ochrogaster |
||
| 041 | 0 | _aInglés | |
| 100 | 1 |
_aSlade, Norman A. _993337 |
|
| 942 | _cARTICULO | ||
| 773 | 1 |
_tJournal of Mammalogy _3106 _h1 _q171-176 _d1991 _g72 |
|
| 999 |
_c9564 _d9564 |
||